Statistiken für Gründungsjahre der sozialen Medien

Klicken Sie hier um das Quiz zu spielen!

Allgemein

  • Dieses Quiz wurde 74 mal gespielt
  • Das Durchschnittsergebnis liegt bei 12 aus 14

Antwortstatistiken

HintAntwort% Korrekt
Facebook2004
97%
YouTube2005
97%
WhatsApp2009
96%
Instagram2010
93%
Snapchat2011
89%
TikTok2016
89%
Twitter2006
84%
XING2003
82%
Vimeo2004
82%
Reddit2005
82%
Pinterest2010
82%
LinkedIn2002
81%
Twitch2011
81%
Tumblr2007
77%

Verteilung der Resultate

Perzentil nach korrekt beantworteten Fragen

Anzahl Personen mit jedem Resultat

Ihre Resultats-Entwicklung

Sie haben dieses Quiz noch nicht gespielt